000 00500nam a2200145Ia 4500
008 090124s9999 xx 000 0 und d
082 _b133729
245 _a न्यूझीलंड : एक आनंदयात्रा
250 _a1
260 _bसबनीस संजीव
_c2006
300 _a52
630 _a न्यूझीलंड : एक आनंदयात्रा
730 _a न्यूझीलंड : एक आनंदयात्रा
942 _cBOOK
999 _c180005
_d180005